General Soccer Knowledge By Picture - Statistics

General Stats
  • This quiz has been taken 203 times
  • The average score is 8 of 12
Answer Stats
Picture Hint Answer % Correct
Club Barcelona
91%
Player Cristiano Ronaldo
90%
National Team Germany
87%
Club Real Madrid
87%
National Team France
86%
Club Liverpool
85%
Player Neymar Jr.
84%
Player Sergio Ramos
77%
National Team Sweden
77%
Stadium Wembley Stadium
34%
Stadium Parc De Princes
6%
Stadium Stadio Olimpico
6%
No matching quizzes found
Score Distribution
Percent of People with Each Score
Percentile by Number Answered
Your Score History
You have not taken this quiz